000 00611nam a2200157 i 4500
001 99631
003 ES-MaACL
005 20230906182529.0
007 t|
008 050914s1955 sp ||||1| spa d
100 1 _aMartínez de Abaria, Augusto.
_977970
245 1 0 _aProsodia y ortografía de las vocales españolas y teoría de la diptongación
_b: con un vocabulario de las palabras que deben escribirse con diéresis en español /
_cAugusto Martínez de Abaria.
260 _aMadrid :
_b[s.n.],
_c1955 (
_fGraf. Orbe)
300 _a242 p. :
_b2 gráf. pleg. ;
_c21 cm.
852 _aES-MaACL
_jC-10369
_bR.38713
999 _c99631
_d99631